000 00288nam a22001337a 4500
008 170927b xxu||||| |||| 00| 0 eng d
020 _a9780312656829
041 _aeng
080 _212TH
_a37
100 _a47
101 _aEDU
245 _aSUBJECT& STRATEGY
_cWEND,W
942 _2udc
_cBK
999 _c30231
_d30231